000 00683nam a2200265Ia 4500
005 20260121165106.0
008 008 260114s9999 xx 000 0 eng d
020 _a9781137571991
037 _aEBOOK
040 _aCRL
040 _beng
040 _cCRL
041 _2eng
041 _aeng
084 _qCRL
100 _aKatie Barclay, Kimberley Reynolds, Ciara Rawnsley
_91047422
245 0 _aDeath, Emotion and Childhood in Premodern Europe
260 _bSpringer
260 _bSpringer
260 _c2016
856 _uhttps://link.springer.com/openurl?genre=book&isbn=978-1-137-57199-1
942 _cEBOOK
999 _c1613147
_d1613147